000
00273nam a2200121Ia 4500
008
190216s9999||||xx |||||||||||||| ||und||
100
_a
Subramanian
245
0
_a
Down Memory Lane
260
_b
Blacke & Son
_c
1988
300
_a
116
650
_a
English Essay
942
_c
BK
999
_c
13423
_d
13423